Use of food surpluses fro economic development (Record no. 20065)

MARC details
000 -LEADER
fixed length control field 00285nam a2200109Ia 4500
082 ## - DEWEY DECIMAL CLASSIFICATION NUMBER
Classification number 330.34
Item number DAN
100 ## - MAIN ENTRY--AUTHOR NAME
Personal name DANDEKAR, V M
245 #0 - TITLE STATEMENT
Title Use of food surpluses fro economic development
260 ## - PUBLICATION, DISTRIBUTION, ETC. (IMPRINT)
Place of publication Poona
Name of publisher Gokhale
Year of publication 1956
942 ## - ADDED ENTRY ELEMENTS (KOHA)
Koha item type Books
Holdings
Withdrawn status Lost status Damaged status Not for loan Home library Current library Date acquired Full call number Accession Number Koha item type
        RRII Library RRII Library 16/12/2021 330.34 DAN 00793 Books